000 00383nam a2200157Ia 4500
008 230312s9999||||xx |||||||||||||| ||und||
020 _a81-315-1635-5
082 _a621.317
_bGLO-P
100 _aGlover;J.Duncan
245 0 _aPower System
260 _bCengage Learning
_aIndia
_c2012
300 _a827
546 _aEng.
650 _aEngineering
_vAnslysis and Design
942 _cBK
999 _c8577
_d8577